| 000 | 00777nam a22001217a 4500 | ||
|---|---|---|---|
| 008 | 110613t xxu||||| |||| 00| 0 eng d | ||
| 010 | _aSCCAF28 | ||
| 245 | _aSupreme Court Constitutional Appeal No. 1 OF 1997 Attorney General Vs Major-General David Tinyefunza | ||
| 260 | _c1997 | ||
| 500 | _aCoram:Wambuzi, C.J., Oder, J.S.C., Tsekooko, J.S.C., Karokora, J.S.C., Mulenga,J.S.C., Kanyeihamba, J.S.C., Kikonyogo, J.S.C. | ||
| 500 | _aAppeal from the orders/decisions of their Lordships S.T. Manyindo, D.C.J., G.M. Okello, J., Mpagi-Bahigeine, J., P. Tabaro, J., and F.M.S. Egonda-Ntende, Constitutional Court at Kampala given 25th April, 1997 in Constitutional Case No. 1 of 1996 | ||
| 999 |
_c2745 _d2745 |
||